| 000 | 00654nam a2200229Ia 4500 | ||
|---|---|---|---|
| 003 | GCL | ||
| 008 | 140319s9999 xx 000 0 ara d | ||
| 040 |
_aGCL / _cGCL |
||
| 082 | 0 | 4 |
_a591.072 _bب ح |
| 100 | 1 | _aباكار فانس | |
| 245 | 1 | 0 |
_aالجانب الانسانى عند الحيوان / _cباكار فانس |
| 700 | 1 | _aسعد غزال | |
| 260 |
_a[S.N] : _bوزارة التربية والتعليم |
||
| 300 | _a191 ص | ||
| 490 |
_aالالف كتاب _v0 |
||
| 650 | 0 | 4 | _aالعلم |
| 650 | 0 | 4 | _aتدريب |
| 650 | 0 | 4 | _aالبحوث |
| 650 | 0 | 4 | _aالحيوان |
| 650 | 0 | 4 | _aعادات وتقاليد |
| 942 |
_2ddc _cBK |
||
| 999 |
_c58916 _d58916 |
||